[Event "India Cities-ch 19th"]
[Site "Khalpara"]
[Date "2018.08.03"]
[Round "5.4"]
[White "Gajula, Priyanka"]
[Black "Sushmita, Lama"]
[Result "0-1"]
[WhiteElo "1146"]
[BlackElo "1656"]
[PlyCount "76"]
[EventDate "2018.08.01"]
[EventType "team-swiss"]
[EventRounds "7"]
[EventCountry "IND"]
[SourceTitle "CBM 186 Extra"]
[Source "ChessBase"]
[SourceDate "2018.08.24"]
[SourceVersion "1"]
[SourceVersionDate "2018.08.24"]
[SourceQuality "1"]
[WhiteTeam "Hyderabad"]
[BlackTeam "Gangtok"]
[WhiteTeamCountry "IND"]
[BlackTeamCountry "IND"]

1. e4 d5 2. e5 Bf5 3. d4 e6 4. Nf3 c5 5. b3 Nc6 6. a3 Qb6 7. Be3 Bg4 8. Be2 Bxf3 9. Bxf3 cxd4 10. Bd2 Nxe5 11. 0-0 Bd6 12. Bf4 Ne7 13. Re1 Qc7 14. c3 Nxf3+ 15. Qxf3 Bxf4 16. g3 Be5 17. cxd4 Bxd4 18. Ra2 0-0 19. Qd3 Qb6 20. Ree2 Rac8 21. Rac2 Rxc2 22. Rxc2 Rc8 23. Rxc8+ Nxc8 24. Qc2 Qc5 25. Qd2 Nd6 26. b4 Qc4 27. Kg2 g6 28. Qf4 Ne4 29. Nd2 Nxd2 30. Qxd2 Qc3 31. Qa2 Qb2 32. Qxb2 Bxb2 33. a4 Kf8 34. f4 Ke7 35. Kf3 Kd6 36. h4 Bc3 37. b5 Kc5 38. a5 Bxa5 0-1